000 00746nam a2200217 i 4500
001 187526
003 ES-MaACL
005 20250906063145.0
008 171107s1966 sp |||| | spa d
100 1 _aGarrido Falla, Fernando,
_d1921-2003
_955700
245 1 0 _aTratado de derecho administrativo.
_nVolumen II,
_pParte general: conclusión /
_cFernando Garrido Falla.
250 _a3ª ed.
260 _aMadrid :
_bInstituto de Estudios Políticos,
_c1966.
300 _a515 p. ;
_c21 cm.
490 1 _aEstudios de administración
650 7 _aDerecho administrativo-
_zEspaña
_2
_9145992
830 0 _aEstudios de administración
_9183321
852 _aES-MaACL
_jG-6805
852 _aES-MaACL
_jG-52
999 _c187526
_d187526